| 000 | 00666nam a2200229Ia 4500 | ||
|---|---|---|---|
| 003 | GCL | ||
| 008 | 140319s9999 xx 000 0 ara d | ||
| 040 |
_aGCL / _cGCL |
||
| 082 | 0 | 4 |
_aد _b050 |
| 100 | 1 | _aلطفى فطيم (مترجم) | |
| 245 | 1 | 0 |
_aعقول المستقبل (عالم المعرفة 92) / _cلطفى فطيم (مترجم) |
| 700 | 1 | _aتايلور، جون | |
| 300 | _a278 ص | ||
| 490 |
_aعالم المعرفة _v0 |
||
| 650 | 0 | 4 | _aالفلسفة |
| 650 | 0 | 4 | _aالشخصية |
| 650 | 0 | 4 | _aاللاشعور |
| 650 | 0 | 4 | _aالاستدلال |
| 650 | 0 | 4 | _aالعقل |
| 650 | 0 | 4 | _aالمستقبلية ( فلسفة ) |
| 942 |
_2ddc _cBK |
||
| 999 |
_c50426 _d50426 |
||